[Event "Hamedan op 17th"]
[Site "Hamedan"]
[Date "2018.08.09"]
[Round "1"]
[White "Soleimany, Alireza"]
[Black "Khatibi, Meysam"]
[Result "0-1"]
[WhiteElo "1677"]
[BlackElo "2233"]
[PlyCount "106"]
[EventDate "2018.08.09"]
[EventType "swiss"]
[EventRounds "11"]
[EventCountry "IRI"]
[SourceTitle "CBM 186 Extra"]
[Source "ChessBase"]
[SourceDate "2018.08.24"]
[SourceVersion "1"]
[SourceVersionDate "2018.08.24"]
[SourceQuality "1"]

1. e4 e5 2. Nf3 Nc6 3. Bb5 a6 4. Ba4 Nf6 5. d3 d6 6. c3 b5 7. Bb3 Be7 8. h3 0-0 9. Nbd2 Be6 10. 0-0 d5 11. Ng5 Bc8 12. Ngf3 Re8 13. Re1 dxe4 14. dxe4 Bc5 15. Nf1 Qxd1 16. Bxd1 Bb7 17. Ng3 h6 18. Bb3 Na5 19. Bc2 Nc4 20. b3 Nd6 21. Be3 Ba3 22. Bc1 Bc5 23. Be3 Bxe3 24. Rxe3 a5 25. Ne1 a4 26. Rb1 axb3 27. axb3 Ra2 28. f3 Nd7 29. Re2 Nc5 30. Nd3 Rxc2 31. Nxc5 Rxc3 32. b4 Ra8 33. Nf5 Nxf5 34. exf5 Bc6 35. Kf2 f6 36. Rd2 Kf7 37. Rbd1 g6 38. Rd7+ Bxd7 39. Rxd7+ Ke8 40. Rh7 Ra2+ 41. Kg3 gxf5 42. Ne6 Rcc2 43. Nxc7+ Kf8 44. Ne6+ Kg8 45. Rg7+ Kh8 46. Kh2 e4 47. fxe4 fxe4 48. Rg3 f5 49. Nf4 Rf2 50. Ng6+ Kg7 51. Nh4+ Kf7 52. Re3 Kf6 53. Rc3 Kg5 0-1